000 00937 a2200193 4500
001 34668
005 20260407155633.0
008 260407a1981 arg spa d
003 AR-UNSa-BCEJYS
040 _aAR-UNSa-BCEJYS
_bspa
_cAR-UNSa-BCEJYS
080 _a657.312
_xTipo de presupuestos
245 1 0 _aPresupuesto base cero
_pmétodos y bases de aplicación, con un estudio de las mas avanzada experiencia existente en el mundo
264 1 _c1981
300 _a133 p.
_c22 cm.
505 _a1. Objetivos - 2. Modelo básico - 3. Resultados y pautas generales de aplicación - 4. Encuesta internacional - 6. Identificación de las unidades de actividad - 6. Análisis de las unidades y elaboración de las propuestas - 7. Clasificación de las propuestas y asignación de recursos - 8. Control presupestario - 9. Guia de aplicación.
942 _cBK
590 _aniveau_biblio:m niveau_hierar:0
100 1 _aSenderovich, Isaac Aizik
999 _c2484
_d2484